Entomology and pest management / (Record no. 32323)

MARC details
000 -LEADER
fixed length control field 00966pam a2200289 a 4500
005 - DATE AND TIME OF LATEST TRANSACTION
control field 19890511122029.2
008 - FIXED-LENGTH DATA ELEMENTS--GENERAL INFORMATION
fixed length control field 880304s1989 nyua b 001 0 eng
010 ## - LCCN (DPL NO)
LC control number ENG-95612
020 ## - INTERNATIONAL STANDARD BOOK NUMBER
International Standard Book Number 9788120338869
035 ## - SYSTEM CONTROL NUMBER
System control number EN-79145
037 ## - SOURCE OF ACQUISITION
Source of stock number/acquisition DBAD/PUB
040 ## - CATALOGING SOURCE
Original cataloging agency DPL
082 ## - DEWEY DECIMAL CLASSIFICATION NUMBER
Classification number 632.7
Edition number 20
100 ## - MAIN ENTRY--PERSONAL NAME
Personal name Pedigo, Larry P.
245 ## - TITLE STATEMENT
Title Entomology and pest management /
Statement of responsibility, etc Larry P. Pedigo.
250 ## - EDITION STATEMENT
Edition statement 6th ed.
260 ## - PUBLICATION, DISTRIBUTION, ETC. (IMPRINT)
Place of publication, distribution, etc New Delhi
Name of publisher, distributor, etc PHI Learnibg P.Ltd.
Place of publication, distribution, etc New Delhi
Date of publication, distribution, etc 2009
300 ## - PHYSICAL DESCRIPTION
Extent xxii, 646 p. :
Other physical details ill. ;
Dimensions 26 cm.(Pbk)
504 ## - BIBLIOGRAPHY, ETC. NOTE
Bibliography, etc Includes bibliographies and index.
650 ## - SUBJECT ADDED ENTRY--TOPICAL TERM
Topical term or geographic name as entry element Insect pests
General subdivision Control.
650 ## - SUBJECT ADDED ENTRY--TOPICAL TERM
Topical term or geographic name as entry element Insect pests.
650 ## - SUBJECT ADDED ENTRY--TOPICAL TERM
Topical term or geographic name as entry element Insects.
650 ## - SUBJECT ADDED ENTRY--TOPICAL TERM
Topical term or geographic name as entry element Entomology.
700 ## - ADDED ENTRY--PERSONAL NAME
Personal name Rice, Marlin E.
942 ## - ADDED ENTRY ELEMENTS (KOHA)
Source of classification or shelving scheme Dewey Decimal Classification
Item type English Books
Classification part 632.7
Call number suffix PED
Holdings
Withdrawn status Lost status Source of classification or shelving scheme Damaged status Not for loan Collection code Home library Current library Date acquired Source of acquisition Cost, normal purchase price Total Checkouts Full call number Barcode Date last seen Copy number Cost, replacement price Koha item type
    Dewey Decimal Classification   Not For Loan Non-fiction D.B.Act.Division D.B.Act.Division 09/12/2009 DBAD / PUB 595.00   632.7 PED EN-79145 09/12/2009 1 595.00 English Books

© Delhi Public Library
Hit Counter
free hit counter